[Event "Commonwealth Open 2019"]
[Site "Delhi"]
[Date "2019.07.05"]
[Round "7.21"]
[White "Karthik, Sai Ch"]
[Black "Oatlhotse, Providence"]
[Result "1/2-1/2"]
[WhiteElo "1963"]
[BlackElo "2244"]
[Annotator "NA"]
[PlyCount "197"]
[EventDate "2019.06.30"]
[EventType "swiss"]
[EventCountry "IND"]
[SourceTitle "playchess.com"]
[Source "ChessBase"]
[SourceQuality "1"]
[TimeControl "5400+30"]

1. d4 {[%emt 0:00:00]} d5 {[%emt 0:00:00]} 2. Bf4 {[%emt 0:00:00]} c5 {[%emt 0:00:00]} 3. e3 {[%emt 0:00:00]} Nc6 {[%emt 0:00:00]} 4. Nf3 {[%emt 0:00:34]} Nf6 {[%emt 0:00:04]} 5. Nbd2 {[%emt 0:00:42]} Bg4 {[%emt 0:00:03]} 6. c3 {[%emt 0:00:55]} e6 {[%emt 0:00:25]} 7. Qa4 {[%emt 0:02:14]} Bxf3 {[%emt 0:05:05]} 8. Nxf3 {[%emt 0:00:35]} Nd7 {[%emt 0:00:07]} 9. Ne5 {[%emt 0:10:49]} Ndxe5 {[%emt 0:00:34]} 10. Bxe5 {[%emt 0:00:15]} Qd7 {[%emt 0:01:14]} 11. Bb5 {[%emt 0:02:17]} a6 {[%emt 0:00:48]} 12. Bxc6 {[%emt 0:00:26]} Qxc6 {[%emt 0:00:08]} 13. Qc2 {[%emt 0:03:23]} cxd4 {[%emt 0:00:54]} 14. exd4 {[%emt 0:00:37]} Qc4 {[%emt 0:00:20]} 15. Qe2 {[%emt 0:02:26]} Rc8 {[%emt 0:00:24]} 16. Qxc4 {[%emt 0:01:33]} Rxc4 {[%emt 0:00:03]} 17. a4 {[%emt 0:00:22]} Kd7 {[%emt 0:00:36]} 18. Kd2 {[%emt 0:00:24]} f6 {[%emt 0:01:10]} 19. Bg3 {[%emt 0:00:16]} h5 {[%emt 0:00:32]} 20. h4 {[%emt 0:02:59]} Be7 {[%emt 0:01:32]} 21. Kd3 {[%emt 0:04:24]} Rhc8 {[%emt 0:00:24]} 22. Rhc1 {[%emt 0:04:50]} R4c6 {[%emt 0:02:17]} 23. Bf4 {[%emt 0:07:48]} Rb6 {[%emt 0:01:47]} 24. Ra2 {[%emt 0:04:10]} Bd6 {[%emt 0:00:25]} 25. Bxd6 {[%emt 0:02:10]} Kxd6 {[%emt 0:00:04]} 26. f4 {[%emt 0:00:44]} Rh8 {[%emt 0:00:35]} 27. Re1 {[%emt 0:01:05]} Rh6 {[%emt 0:00:23]} 28. Re3 {[%emt 0:00:32]} Rg6 {[%emt 0:00:31]} 29. g3 {[%emt 0:00:15]} a5 {[%emt 0:04:26]} 30. Kc2 {[%emt 0:02:19]} Rh6 {[%emt 0:01:31]} 31. Ra1 {[%emt 0:00:51]} Rh8 {[%emt 0:00:17]} 32. Rae1 {[%emt 0:01:16]} Re8 {[%emt 0:00:05]} 33. R1e2 {[%emt 0:03:59]} Rc6 {[%emt 0:00:32]} 34. Re1 {[%emt 0:02:51]} Rc7 {[%emt 0:01:15]} 35. R1e2 {[%emt 0:00:14]} Rce7 {[%emt 0:00:20]} 36. Kd3 {[%emt 0:00:38]} Rb8 {[%emt 0:23:36]} 37. Kc2 {[%emt 0:02:04]} b5 {[%emt 0:06:46]} 38. axb5 {[%emt 0:00:11]} Rxb5 {[%emt 0:00:03]} 39. Kb1 {[%emt 0:00:32]} Re8 {[%emt 0:02:17]} 40. Ka2 {[%emt 0:00:56]} Rb6 {[%emt 0:00:34]} 41. Ka3 {[%emt 0:02:35]} g6 {[%emt 0:00:59]} 42. Ka2 {[%emt 0:00:32]} Kd7 {[%emt 0:00:35]} 43. Ka3 {[%emt 0:00:16]} Rc8 {[%emt 0:00:45]} 44. Ka2 {[%emt 0:00:58]} Rcc6 {[%emt 0:01:10]} 45. Ka3 {[%emt 0:00:45]} Rc4 {[%emt 0:02:41]} 46. Ka2 {[%emt 0:02:56]} a4 {[%emt 0:01:23]} 47. Ka3 {[%emt 0:00:55]} Rb3+ {[%emt 0:00:18]} 48. Ka2 {[%emt 0:00:10]} Rc6 {[%emt 0:00:12]} 49. Re1 {[%emt 0:00:59]} Rcb6 {[%emt 0:00:47]} 50. R1e2 {[%emt 0:00:56]} Ke7 {[%emt 0:04:51]} 51. Rc2 {[%emt 0:03:58]} Kf7 {[%emt 0:01:05]} 52. Rce2 {[%emt 0:00:18]} Rc6 {[%emt 0:01:55]} 53. Rc2 {[%emt 0:00:56]} Ke8 {[%emt 0:01:37]} 54. Rce2 {[%emt 0:00:32]} Kd7 {[%emt 0:00:03]} 55. Rc2 {[%emt 0:00:34]} Kc7 {[%emt 0:00:13]} 56. Rce2 {[%emt 0:00:17]} Rbb6 {[%emt 0:00:09]} 57. Ka3 {[%emt 0:01:51]} Ra6 {[%emt 0:00:48]} 58. Re1 {[%emt 0:04:47]} Kb8 {[%emt 0:00:40]} 59. R1e2 {[%emt 0:00:31]} Kb7 {[%emt 0:00:28]} 60. Re1 {[%emt 0:00:21]} Rcb6 {[%emt 0:06:38]} 61. Ka2 {[%emt 0:00:33]} Kc8 {[%emt 0:01:36]} 62. R1e2 {[%emt 0:01:06]} Rd6 {[%emt 0:03:11]} 63. Re1 {[%emt 0:01:45]} Kd7 {[%emt 0:04:19]} 64. R1e2 {[%emt 0:00:06]} Rab6 {[%emt 0:00:57]} 65. Ka3 {[%emt 0:00:57]} Rb8 {[%emt 0:00:21]} 66. Re1 {[%emt 0:02:25]} Rb3+ {[%emt 0:02:26]} 67. Ka2 {[%emt 0:00:07]} Ke7 {[%emt 0:06:37]} 68. R1e2 {[%emt 0:00:31]} Rdb6 {[%emt 0:00:20]} 69. Rc2 {[%emt 0:00:25]} Kd6 {[%emt 0:05:37]} 70. Rce2 {[%emt 0:00:30]} Kc7 {[%emt 0:01:34]} 71. Rc2 {[%emt 0:01:28]} Kb7 {[%emt 0:01:27]} 72. Rce2 {[%emt 0:00:09]} Ka6 {[%emt 0:00:40]} 73. Rxe6 {[%emt 0:06:51]} Rxb2+ {[%emt 0:00:13]} 74. Rxb2 {[%emt 0:00:08]} Rxe6 {[%emt 0:00:01]} 75. Rb8 {[%emt 0:00:06]} Rc6 {[%emt 0:04:22]} 76. Rd8 {[%emt 0:01:48]} Rxc3 {[%emt 0:01:04]} 77. Rxd5 {[%emt 0:01:45]} Rxg3 {[%emt 0:00:10]} 78. Rd6+ {[%emt 0:00:07]} Kb5 {[%emt 0:00:02]} 79. Rxf6 {[%emt 0:00:07]} Kb4 {[%emt 0:01:42]} 80. f5 {[%emt 0:01:05]} Rg2+ {[%emt 0:00:02]} 81. Kb1 {[%emt 0:00:11]} Rg1+ {[%emt 0:01:20]} 82. Ka2 {[%emt 0:00:16]} Rg2+ {[%emt 0:00:09]} 83. Kb1 {[%emt 0:00:04]} gxf5 {[%emt 0:01:12]} 84. Rxf5 {[%emt 0:00:04]} Rg1+ {[%emt 0:01:08]} 85. Ka2 {[%emt 0:00:02]} Rg2+ {[%emt 0:00:01]} 86. Kb1 {[%emt 0:00:01]} Rg4 {[%emt 0:00:01]} 87. Rxh5 {[%emt 0:01:00]} Rxd4 {[%emt 0:00:09]} 88. Ka2 {[%emt 0:01:40]} Rd2+ {[%emt 0:00:11]} 89. Kb1 {[%emt 0:00:11]} Rh2 {[%emt 0:02:38]} 90. Rg5 {[%emt 0:01:36]} Rh1+ {[%emt 0:00:38]} 91. Ka2 {[%emt 0:00:11]} Rh2+ {[%emt 0:00:24]} 92. Kb1 {[%emt 0:00:07]} Rxh4 {[%emt 0:00:13]} 93. Rg3 {[%emt 0:00:06]} Rf4 {[%emt 0:00:51]} 94. Rh3 {[%emt 0:00:15]} a3 {[%emt 0:00:49]} 95. Rh8 {[%emt 0:00:51]} Rf1+ {[%emt 0:00:27]} 96. Ka2 {[%emt 0:00:08]} Rf2+ {[%emt 0:00:04]} 97. Kb1 {[%emt 0:00:07]} Rb2+ {[%emt 0:00:31]} 98. Ka1 {[%emt 0:00:09]} Rc2 {[%emt 0:00:33]} 99. Rb8+ {[%emt 0:00:13]} 1/2-1/2

[Event "Commonwealth Open 2019"]
[Site "Delhi"]
[Date "2019.07.05"]
[Round "7.22"]
[White "Bidhar, Rutumbara"]
[Black "Michelle Catherina, P."]
[Result "0-1"]
[WhiteElo "1961"]
[BlackElo "2226"]
[Annotator "NA"]
[PlyCount "90"]
[EventDate "2019.06.30"]
[EventType "swiss"]
[EventCountry "IND"]
[SourceTitle "playchess.com"]
[Source "ChessBase"]
[SourceQuality "1"]
[TimeControl "5400+30"]

1. d4 {[%emt 0:00:00]} Nf6 {[%emt 0:01:51]} 2. c4 {[%emt 0:00:00]} e6 {[%emt 0:00:04]} 3. Nc3 {[%emt 0:00:02]} Bb4 {[%emt 0:00:05]} 4. e3 {[%emt 0:00:13]} O-O {[%emt 0:00:15]} 5. Bd3 {[%emt 0:00:45]} d5 {[%emt 0:00:22]} 6. cxd5 {[%emt 0:01:09]} exd5 {[%emt 0:02:19]} 7. Nge2 {[%emt 0:00:14]} Re8 {[%emt 0:01:54]} 8. O-O {[%emt 0:00:39]} a5 {[%emt 0:01:59]} 9. a3 {[%emt 0:03:15]} Bf8 {[%emt 0:01:56]} 10. Qc2 {[%emt 0:03:54]} Na6 {[%emt 0:06:15]} 11. Rd1 {[%emt 0:06:07]} c6 {[%emt 0:05:14]} 12. e4 {[%emt 0:16:00]} dxe4 {[%emt 0:01:38]} 13. Nxe4 {[%emt 0:03:52]} h6 {[%emt 0:05:10]} 14. N2g3 {[%emt 0:11:40]} Nxe4 {[%emt 0:13:34]} 15. Bxe4 {[%emt 0:01:04]} Bg4 {[%emt 0:03:55]} 16. f3 {[%emt 0:02:22]} Be6 {[%emt 0:01:44]} 17. Be3 {[%emt 0:04:51]} Nc7 {[%emt 0:03:42]} 18. Bf2 {[%emt 0:05:07]} Nd5 {[%emt 0:02:53]} 19. Re1 {[%emt 0:06:04]} Qg5 {[%emt 0:07:50]} 20. Qc1 {[%emt 0:07:21]} Nf4 {[%emt 0:03:41]} 21. Be3 {[%emt 0:02:58]} Bd6 {[%emt 0:00:13]} 22. Qd2 {[%emt 0:04:00]} f5 {[%emt 0:11:38]} 23. Bd3 {[%emt 0:02:17]} Nh3+ {[%emt 0:04:42]} 24. gxh3 {[%emt 0:03:34]} f4 {[%emt 0:02:59]} 25. Kh1 {[%emt 0:05:48]} Bxh3 {[%emt 0:12:15]} 26. Bf2 {[%emt 0:04:46]} Rxe1+ {[%emt 0:03:04]} 27. Bxe1 {[%emt 0:01:57]} fxg3 {[%emt 0:00:26]} 28. Qxg5 {[%emt 0:00:10]} hxg5 {[%emt 0:00:05]} 29. hxg3 {[%emt 0:02:34]} Be6 {[%emt 0:00:55]} 30. Kg2 {[%emt 0:00:40]} g4 {[%emt 0:01:12]} 31. fxg4 {[%emt 0:00:45]} Bd5+ {[%emt 0:00:55]} 32. Kg1 {[%emt 0:00:36]} Rf8 {[%emt 0:00:34]} 33. Bf5 {[%emt 0:00:36]} Rf6 {[%emt 0:00:32]} 34. Bd2 {[%emt 0:00:34]} Bxg3 {[%emt 0:00:29]} 35. Rf1 {[%emt 0:00:27]} a4 {[%emt 0:00:33]} 36. g5 {[%emt 0:00:26]} Rd6 {[%emt 0:00:35]} 37. Bb4 {[%emt 0:00:52]} Rd8 {[%emt 0:00:06]} 38. Bd2 {[%emt 0:00:33]} Re8 {[%emt 0:00:20]} 39. Bf4 {[%emt 0:00:42]} Re2 {[%emt 0:00:53]} 40. Bh3 {[%emt 0:00:34]} Bxf4 {[%emt 0:00:37]} 41. Rxf4 {[%emt 0:00:05]} Rxb2 {[%emt 0:00:09]} 42. Rf2 {[%emt 0:00:34]} Rb3 {[%emt 0:00:20]} 43. Bc8 {[%emt 0:00:26]} b5 {[%emt 0:00:37]} 44. Kh2 {[%emt 0:00:46]} Rxa3 {[%emt 0:00:19]} 45. Bf5 {[%emt 0:00:22]} Ra2 {[%emt 0:00:48]} 0-1

[Event "Commonwealth Open 2019"]
[Site "Delhi"]
[Date "2019.07.06"]
[Round "8.1"]
[White "Swapnil, S. Dhopade"]
[Black "Gupta, Abhijeet"]
[Result "1/2-1/2"]
[WhiteElo "2488"]
[BlackElo "2606"]
[Annotator "RC"]
[PlyCount "287"]
[EventDate "2019.06.30"]
[EventType "swiss"]
[EventCountry "IND"]
[SourceTitle "playchess.com"]
[Source "ChessBase"]
[SourceQuality "1"]
[TimeControl "5400+30"]

1. d4 {[%emt 0:00:00]} Nf6 {[%emt 0:00:00]} 2. Nf3 {[%emt 0:00:00]} g6 {[%emt 0:00:00]} 3. b3 {[%emt 0:00:00]} Bg7 {[%emt 0:03:27]} 4. Bb2 {[%emt 0:00:00]} c5 {[%emt 0:00:38]} 5. dxc5 {[%emt 0:00:15]} Qa5+ {[%emt 0:00:29]} 6. Nbd2 {[%emt 0:00:41]} O-O {[%emt 0:01:16]} 7. e3 {[%emt 0:02:02]} Qxc5 {[%emt 0:07:44]} 8. c4 {[%emt 0:00:04]} b6 {[%emt 0:00:39]} 9. Be2 {[%emt 0:00:50]} Bb7 {[%emt 0:00:04]} 10. O-O {[%emt 0:02:36]} d6 {[%emt 0:00:16]} 11. Rc1 {[%emt 0:00:24]} Nbd7 {[%emt 0:00:11]} 12. Nb1 {[%emt 0:00:44]} Rad8 {[%emt 0:02:52]} 13. Nc3 {[%emt 0:00:50]} Ne4 {[%emt 0:00:54]} 14. Nxe4 {[%emt 0:17:20]} Bxe4 {[%emt 0:00:05]} 15. Bxg7 {[%emt 0:01:42]} Kxg7 {[%emt 0:00:04]} 16. Qd2 {[%emt 0:00:15]} Nf6 {[%emt 0:01:21]} 17. Rfd1 {[%emt 0:00:34]} Bb7 {[%emt 0:04:52]} 18. Qb2 {[%emt 0:08:52]} Qc8 {[%emt 0:01:22]} 19. Nd4 {[%emt 0:00:58]} Kg8 {[%emt 0:03:37]} 20. Nb5 {[%emt 0:15:58]} Qb8 {[%emt 0:05:56]} 21. Qa3 {[%emt 0:00:57]} a6 {[%emt 0:02:14]} 22. Nc3 {[%emt 0:00:14]} Qa8 {[%emt 0:02:19]} 23. Bf1 {[%emt 0:00:45]} Bc6 {[%emt 0:01:47]} 24. Rd4 {[%emt 0:02:23]} Rc8 {[%emt 0:03:20]} 25. Rcd1 {[%emt 0:00:40]} Ne4 {[%emt 0:07:10]} 26. Nxe4 {[%emt 0:01:00]} Bxe4 {[%emt 0:00:06]} 27. Qb4 {[%emt 0:01:41]} Rc5 {[%emt 0:04:31]} 28. Qd2 {[%emt 0:11:44]} Rg5 {[%emt 0:10:17]} 29. f4 {[%emt 0:03:16]} Rc5 {[%emt 0:00:06]} 30. Bd3 {[%emt 0:05:05]} Bxd3 {[%emt 0:05:18]} 31. Qxd3 {[%emt 0:00:23]} b5 {[%emt 0:01:24]} 32. cxb5 {[%emt 0:10:09]} axb5 {[%emt 0:00:07]} 33. b4 {[%emt 0:00:05]} Rc7 {[%emt 0:00:06]} 34. Qxb5 {[%emt 0:01:06]} Qxa2 {[%emt 0:02:22]} 35. Qa5 {[%emt 0:00:36]} Qc2 {[%emt 0:00:41]} 36. R4d2 {[%emt 0:00:46]} Qc6 {[%emt 0:03:20]} 37. Qd5 {[%emt 0:04:52]} Qb6 {[%emt 0:00:40]} 38. Qd4 {[%emt 0:00:15]} Qb5 {[%emt 0:00:07]} 39. Rb2 {[%emt 0:00:33]} Rfc8 {[%emt 0:02:07]} 40. Qd5 {[%emt 0:00:29]} Qa4 {[%emt 0:02:40]} 41. b5 {[%emt 0:02:02]} Rc5 {[%emt 0:07:33]} 42. Qb3 {[%emt 0:00:44]} Qe4 {[%emt 0:00:21]} 43. Qd3 {[%emt 0:00:35]} Qxd3 {[%emt 0:05:31]} 44. Rxd3 {[%emt 0:00:01]} Rc1+ {[%emt 0:00:06]} 45. Kf2 {[%emt 0:00:04]} R8c2+ {[%emt 0:00:03]} 46. Rxc2 {[%emt 0:04:06]} Rxc2+ {[%emt 0:00:02]} 47. Kf3 {[%emt 0:00:11]} Rb2 {[%emt 0:00:04]} 48. Rd5 {[%emt 0:00:55]} f5 {[%emt 0:00:06]} 49. h3 {[%emt 0:02:30]} Kf7 {[%emt 0:00:44]} 50. g4 {[%emt 0:00:06]} Ke6 {[%emt 0:00:31]} 51. Rd1 {[%emt 0:01:35]} Rxb5 {[%emt 0:00:06]} 52. g5 {[%emt 0:00:54]} Rb8 {[%emt 0:05:01]} 53. h4 {[%emt 0:00:12]} h5 {[%emt 0:00:34]} 54. Ra1 {[%emt 0:00:22]} Rb2 {[%emt 0:00:14]} 55. Rd1 {[%emt 0:01:18]} Rc2 {[%emt 0:00:10]} 56. Kg3 {[%emt 0:00:11]} Rc5 {[%emt 0:00:23]} 57. Kf3 {[%emt 0:00:41]} Rd5 {[%emt 0:00:05]} 58. Rb1 {[%emt 0:00:18]} Rd2 {[%emt 0:00:04]} 59. Ra1 {[%emt 0:00:15]} Kf7 {[%emt 0:00:34]} 60. Kg3 {[%emt 0:00:25]} Rc2 {[%emt 0:03:44]} 61. Kf3 {[%emt 0:00:05]} Rc7 {[%emt 0:01:53]} 62. Rd1 {[%emt 0:00:59]} Rc3 {[%emt 0:01:04]} 63. Kf2 {[%emt 0:00:26]} Ke6 {[%emt 0:00:33]} 64. Kf3 {[%emt 0:00:04]} Kd7 {[%emt 0:01:22]} 65. Kf2 {[%emt 0:00:41]} Kc6 {[%emt 0:01:00]} 66. Ra1 {[%emt 0:00:10]} Kd5 {[%emt 0:00:24]} 67. Kf3 {[%emt 0:00:09]} e5 {[%emt 0:00:52]} 68. fxe5 {[%emt 0:00:11]} dxe5 {[%emt 0:00:44]} 69. Ra5+ {[%emt 0:00:12]} Rc5 {[%emt 0:00:14]} 70. Ra8 {[%emt 0:00:30]} Rc6 {[%emt 0:01:39]} 71. Ra1 {[%emt 0:00:48]} Rc3 {[%emt 0:00:00]} 72. Ra5+ {[%emt 0:00:12]} Rc5 {[%emt 0:00:00]} 73. Ra8 {[%emt 0:00:30]} Rc6 {[%emt 0:01:30]} 74. Rg8 {[%emt 0:01:26]} Rd6 {[%emt 0:00:33]} 75. Rg7 {[%emt 0:00:25]} Kc4 {[%emt 0:00:26]} 76. Rf7 {[%emt 0:00:50]} Rd3 {[%emt 0:01:32]} 77. Rc7+ {[%emt 0:00:53]} Kd5 {[%emt 0:00:17]} 78. Rd7+ {[%emt 0:00:41]} Ke6 {[%emt 0:00:29]} 79. Rg7 {[%emt 0:01:04]} f4 {[%emt 0:00:07]} 80. Rxg6+ {[%emt 0:00:01]} Kd5 {[%emt 0:00:04]} 81. Rh6 {[%emt 0:00:20]} Rxe3+ {[%emt 0:00:05]} 82. Kf2 {[%emt 0:00:03]} Rg3 {[%emt 0:02:14]} 83. Rxh5 {[%emt 0:00:04]} e4 {[%emt 0:00:08]} 84. Rh8 {[%emt 0:01:16]} e3+ {[%emt 0:00:18]} 85. Ke2 {[%emt 0:00:20]} Ke4 {[%emt 0:01:09]} 86. Re8+ {[%emt 0:00:08]} Kf5 {[%emt 0:00:03]} 87. Rf8+ {[%emt 0:01:03]} Kg4 {[%emt 0:00:03]} 88. g6 {[%emt 0:00:33]} Rg2+ {[%emt 0:00:04]} 89. Kd3 {[%emt 0:01:04]} e2 {[%emt 0:02:22]} 90. Kd2 {[%emt 0:00:39]} Kf3 {[%emt 0:00:03]} 91. Re8 {[%emt 0:00:18]} Rxg6 {[%emt 0:00:37]} 92. Rxe2 {[%emt 0:00:04]} Rh6 {[%emt 0:00:15]} 93. Ke1 {[%emt 0:00:47]} Kg3 {[%emt 0:00:59]} 94. Kf1 {[%emt 0:00:22]} Rxh4 {[%emt 0:00:32]} 95. Kg1 {[%emt 0:01:03]} Rh8 {[%emt 0:00:27]} 96. Re7 {[%emt 0:00:22]} Kf3 {[%emt 0:00:39]} 97. Rf7 {[%emt 0:00:31]} Rg8+ {[%emt 0:00:17]} 98. Kf1 {[%emt 0:00:22]} Rg6 {[%emt 0:00:41]} 99. Rf8 {[%emt 0:00:04]} Kg3 {[%emt 0:00:22]} 100. Kg1 {[%emt 0:00:16]} Rg7 {[%emt 0:00:07]} 101. Rf6 {[%emt 0:00:20]} Kf3+ {[%emt 0:00:24]} 102. Kf1 {[%emt 0:00:02]} Rh7 {[%emt 0:00:10]} 103. Kg1 {[%emt 0:00:09]} Ra7 {[%emt 0:00:05]} 104. Rf8 {[%emt 0:00:07]} Ra2 {[%emt 0:00:00]} 105. Kf1 {[%emt 0:00:00]} Rg2 {[%emt 0:00:00]} 106. Rf6 {[%emt 0:00:00]} Rg7 {[%emt 0:00:00]} 107. Rf8 {[%emt 0:00:07]} Ra7 {[%emt 0:00:05]} 108. Kg1 {[%emt 0:00:00]} Ra1+ {[%emt 0:00:00]} 109. Kh2 {[%emt 0:00:00]} Ke3 {[%emt 0:00:00]} 110. Kg2 {[%emt 0:00:09]} Ra2+ {[%emt 0:00:00]} 111. Kf1 {[%emt 0:00:06]} Ra7 {[%emt 0:00:16]} 112. Kg2 {[%emt 0:01:00]} Rg7+ {[%emt 0:00:03]} 113. Kf1 {[%emt 0:00:06]} Kf3 {[%emt 0:00:08]} 114. Rf6 {[%emt 0:00:16]} Ra7 {[%emt 0:00:57]} 115. Kg1 {[%emt 0:00:08]} Ra1+ {[%emt 0:00:05]} 116. Kh2 {[%emt 0:00:03]} Rf1 {[%emt 0:00:08]} 117. Ra6 {[%emt 0:00:10]} Rf2+ {[%emt 0:00:09]} 118. Kg1 {[%emt 0:00:24]} Re2 {[%emt 0:00:08]} 119. Rf6 {[%emt 0:00:59]} Re1+ {[%emt 0:00:20]} 120. Kh2 {[%emt 0:00:04]} Re5 {[%emt 0:00:19]} 121. Kg1 {[%emt 0:00:29]} Ke3 {[%emt 0:00:32]} 122. Kg2 {[%emt 0:00:10]} Rg5+ {[%emt 0:00:03]} 123. Kf1 {[%emt 0:00:11]} Ra5 {[%emt 0:00:08]} 124. Kg2 {[%emt 0:00:10]} Ra2+ {[%emt 0:00:02]} 125. Kf1 {[%emt 0:00:25]} Kf3 {[%emt 0:00:04]} 126. Kg1 {[%emt 0:00:02]} Ra8 {[%emt 0:01:09]} 127. Rf7 {[%emt 0:01:22]} Re8 {[%emt 0:00:09]} 128. Kf1 {[%emt 0:01:01]} Rd8 {[%emt 0:00:22]} 129. Kg1 {[%emt 0:00:09]} Rd1+ {[%emt 0:00:04]} 130. Kh2 {[%emt 0:00:03]} Re1 {[%emt 0:00:03]} 131. Rf8 {[%emt 0:00:12]} Ke3 {[%emt 0:00:19]} 132. Kg2 {[%emt 0:00:41]} Re2+ {[%emt 0:00:04]} 133. Kf1 {[%emt 0:00:40]} Ra2 {[%emt 0:00:12]} 134. Rf7 {[%emt 0:00:13]} Kf3 {[%emt 0:00:12]} 135. Kg1 {[%emt 0:00:02]} Ra1+ {[%emt 0:00:40]} 136. Kh2 {[%emt 0:00:01]} Rf1 {[%emt 0:00:04]} 137. Ra7 {[%emt 0:00:10]} Re1 {[%emt 0:00:10]} 138. Rf7 {[%emt 0:01:03]} Re4 {[%emt 0:00:13]} 139. Kg1 {[%emt 0:00:46]} Ke3 {[%emt 0:00:05]} 140. Kg2 {[%emt 0:00:11]} Re8 {[%emt 0:00:03]} 141. Rf6 {[%emt 0:00:35]} Rg8+ {[%emt 0:00:06]} 142. Kf1 {[%emt 0:00:12]} Kf3 {[%emt 0:00:05]} 143. Rf7 {[%emt 0:01:13]} Rb8 {[%emt 0:00:40]} 144. Kg1 {[%emt 0:00:23]} 1/2-1/2

[Event "Commonwealth Open 2019"]
[Site "Delhi"]
[Date "2019.07.06"]
[Round "8.2"]
[White "Deepan, Chakkravarthy J."]
[Black "Narayanan.S.L"]
[Result "0-1"]
[WhiteElo "2557"]
[BlackElo "2603"]
[Annotator "RC"]
[PlyCount "120"]
[EventDate "2019.06.30"]
[EventType "swiss"]
[EventCountry "IND"]
[SourceTitle "playchess.com"]
[Source "ChessBase"]
[SourceQuality "1"]
[TimeControl "5400+30"]

1. c4 {[%emt 0:00:29]} e5 {[%emt 0:00:00]} 2. Nc3 {[%emt 0:00:20]} Nf6 {[%emt 0:00:41]} 3. Nf3 {[%emt 0:00:34]} Nc6 {[%emt 0:00:07]} 4. g3 {[%emt 0:00:15]} Bb4 {[%emt 0:00:39]} 5. Bg2 {[%emt 0:00:16]} O-O {[%emt 0:00:17]} 6. O-O {[%emt 0:00:07]} e4 {[%emt 0:00:46]} 7. Ng5 {[%emt 0:00:07]} Bxc3 {[%emt 0:00:06]} 8. bxc3 {[%emt 0:00:21]} Re8 {[%emt 0:02:07]} 9. f3 {[%emt 0:00:06]} exf3 {[%emt 0:07:21]} 10. Nxf3 {[%emt 0:00:13]} Qe7 {[%emt 0:01:51]} 11. e3 {[%emt 0:17:41]} d6 {[%emt 0:01:53]} 12. Qc2 {[%emt 0:02:01]} Ne5 {[%emt 0:02:20]} 13. d3 {[%emt 0:03:56]} Nxf3+ {[%emt 0:06:52]} 14. Rxf3 {[%emt 0:00:12]} Be6 {[%emt 0:00:59]} 15. e4 {[%emt 0:01:15]} Nd7 {[%emt 0:00:05]} 16. Rb1 {[%emt 0:01:33]} Ne5 {[%emt 0:06:27]} 17. Rf1 {[%emt 0:05:58]} c5 {[%emt 0:00:22]} 18. h3 {[%emt 0:05:03]} Rac8 {[%emt 0:08:50]} 19. Kh2 {[%emt 0:01:10]} b6 {[%emt 0:03:33]} 20. Qd1 {[%emt 0:02:05]} f6 {[%emt 0:08:40]} 21. Rf2 {[%emt 0:05:16]} Rf8 {[%emt 0:02:06]} 22. Rbb2 {[%emt 0:06:42]} Kh8 {[%emt 0:00:44]} 23. Rf4 {[%emt 0:01:45]} Rb8 {[%emt 0:00:40]} 24. Rf1 {[%emt 0:02:21]} Bd7 {[%emt 0:03:13]} 25. Re1 {[%emt 0:03:07]} Qe8 {[%emt 0:07:55]} 26. Bf4 {[%emt 0:00:36]} Rc8 {[%emt 0:01:05]} 27. Bc1 {[%emt 0:08:41]} Bc6 {[%emt 0:06:34]} 28. Rf2 {[%emt 0:06:16]} Ba4 {[%emt 0:01:37]} 29. Qd2 {[%emt 0:04:14]} b5 {[%emt 0:00:09]} 30. cxb5 {[%emt 0:00:08]} c4 {[%emt 0:00:52]} 31. d4 {[%emt 0:03:17]} Nd3 {[%emt 0:00:14]} 32. Ba3 {[%emt 0:00:04]} Nxe1 {[%emt 0:05:37]} 33. Qxe1 {[%emt 0:00:02]} Qxb5 {[%emt 0:00:47]} 34. Bxd6 {[%emt 0:00:18]} Rfe8 {[%emt 0:00:04]} 35. Qc1 {[%emt 0:02:26]} Qd7 {[%emt 0:00:37]} 36. Qf4 {[%emt 0:00:34]} Rcd8 {[%emt 0:12:18]} 37. Bc7 {[%emt 0:01:20]} Rc8 {[%emt 0:00:06]} 38. Bd6 {[%emt 0:00:30]} Rcd8 {[%emt 0:00:12]} 39. Ba3 {[%emt 0:03:41]} Bd1 {[%emt 0:00:51]} 40. g4 {[%emt 0:00:10]} h6 {[%emt 0:02:26]} 41. Rb2 {[%emt 0:03:32]} Qa4 {[%emt 0:02:03]} 42. Bc5 {[%emt 0:00:45]} Bc2 {[%emt 0:00:09]} 43. h4 {[%emt 0:02:25]} Bd3 {[%emt 0:00:06]} 44. g5 {[%emt 0:00:33]} Qc6 {[%emt 0:01:38]} 45. gxh6 {[%emt 0:03:58]} Bxe4 {[%emt 0:00:05]} 46. hxg7+ {[%emt 0:01:15]} Kxg7 {[%emt 0:00:15]} 47. Qg4+ {[%emt 0:00:36]} Kh6 {[%emt 0:00:37]} 48. Qf4+ {[%emt 0:02:56]} Kg7 {[%emt 0:00:26]} 49. Qg4+ {[%emt 0:02:31]} Kh6 {[%emt 0:00:03]} 50. Qf4+ {[%emt 0:00:43]} Kg7 {[%emt 0:00:51]} 51. Bh3 {[%emt 0:00:35]} Kf7 {[%emt 0:00:22]} 52. Rf2 {[%emt 0:00:27]} Rh8 {[%emt 0:00:30]} 53. Bf1 {[%emt 0:00:29]} Bd5 {[%emt 0:00:10]} 54. Be2 {[%emt 0:00:15]} Rde8 {[%emt 0:00:35]} 55. h5 Re4 {[%emt 0:00:24]} 56. Qf5 {[%emt 0:01:04]} Rh6 {[%emt 0:01:06]} 57. Kg1 {[%emt 0:00:30]} Qe6 {[%emt 0:00:28]} 58. Qf3 {[%emt 0:00:41]} Rh4 {[%emt 0:00:52]} 59. Bxc4 {[%emt 0:00:07]} Rg4+ {[%emt 0:00:03]} 60. Rg2 {[%emt 0:00:36]} Qe1+ {[%emt 0:00:15]} 0-1